00486nam a2200193 a 4500001001300000003000900013005001700022008004100039020001000080082001800090100001800108245002500126260004300151300000800194500003500202505001700237650002000254700001800274nice12345678IN_TiNIC20260116012407.0050524s1342 boma grp 000 0 urd  ac10000a297.0969bRUS aRushad, Makki aMauritius Aur Islam. aBombaybDar Matba Khilafat Waqiac1342 a46p aincludes index and biblioraphy2 aPart 1 and 2 aIslam-Mauritius1 aRushad, Makki